LEADER 01007nam a2200229 4500 001 000000357009 003 CaOOAMICUS 005 20240201153745.0 008 240201s19uu it 000 u ita r 040 $aSeMil$bita 100 1 $aHerzen, Alessandro <1839-1906>.$0(OLS)http://semarc/name/119080 245 13$aLa Scienza e i rapporti sessuali /$cdel Pr. Alessandro Herzen. 264 1$aRoma :$bLibreria Editrice Religiosa Francesco Ferrari,$c[19-?] 300 $a26 p. ;$c16 cm 490 1 $aACIES. Serie moralità ;$v6 650 4$aEducazione sessuale.$0(OLS)http://semarc/subject/10205 830 0$aACIES. Serie moralità ;$v6.$0(OLS)http://semarc/title/447131 850 $aSeMil 852 $aSeMil$W1$xVenegono$y1$m5C IV 9/15$j245747$B248194$CSeMilBibl$Z2$F248194 $81 996 $6245$aLa Scienza e i rapporti sessuali$9(OLS)http://semarc/title/447247 996 $6264$aRoma :$bLibreria Editrice Religiosa Francesco Ferrari$9(OLS)http://semarc/publisher/35521 LEADER 01171nam a2200193 i 4500 001 000000013580 003 CaOOAMICUS 005 20240126120910.0 008 180830s1961 it u000 u ita u 040 $aSeMil$bita 245 10$aContributi dell'Istituto di filologia moderna :$bserie italiana. 260 $aMilano :$bVita e Pensiero,$c1961-1966. 300 $a2 v. ;$c25 cm. 650 4$aFilologia.$0(OLS)http://semarc/subject/1170 774 0 $aUniversità cattolica del Sacro Cuore : Istituto di Filologia moderna$t1.$dMilano : Vita e Pensiero, 1961.$kPubblicazioni dell'Università cattolica del Sacro Cuore. Ser. 3., Scienze filologiche e letteratura. Contributi$g1$w()166912 774 0 $aUniversità cattolica del Sacro Cuore : Istituto di Filologia moderna$t2.$dMilano : Vita e Pensiero, 1966.$kPubblicazioni dell'Università cattolica del Sacro Cuore. Ser. 3., Scienze filologiche e letteratura. Contributi$g2$w()169705 996 $6245$aContributi dell'Istituto di filologia moderna :$bserie italiana$9(OLS)http://semarc/title/18110 996 $6260$aMilano :$bVita e Pensiero$9(OLS)http://semarc/publisher/29642